000 00681nam a22002177a 4500
003 DO-SdBNP
005 20171205104945.0
008 171122b 1989 ny a ||||| |||| 00| 0 spa d
020 _a0070562644
040 _aBPMSU
_bspa
_cBPMSU
092 _axxxx
_bxxxx
245 0 0 _aMcGraw-Hill Spanish /
_cConrad J. Schmitt, Protase E. Woodford, Randall G. Marshall.
260 _aNew York :
_bMcGraw-Hill School Division,
_c1989.
300 _av. :
_bil. ;
_c24 cm.
505 0 _aSaludos --
700 1 _aWoodford, Protase E.
700 1 _aMarshall, Randall G.
942 _2ddc
_cBK
945 _ainventariado extranjero / DG
956 _aLOPEREZ
_b10
_c20171122
_h0041
_iBPMSU
999 _c13013
_d13013